Scottish land reforms fuel row on access (Record no. 66239)
[ view plain ]
| 000 -LEADER | |
|---|---|
| fixed length control field | 01527cam a2200241 4500 |
| 001 - CONTROL NUMBER | |
| control field | WB3709-26 |
| 008 - FIXED-LENGTH DATA ELEMENTS--GENERAL INFORMATION | |
| fixed length control field | 000000n2001 000 0 eng u |
| 035 ## - SYSTEM CONTROL NUMBER | |
| System control number | (Sirsi) u111188 |
| 245 ## - TITLE STATEMENT | |
| Title | Scottish land reforms fuel row on access |
| 260 ## - PUBLICATION, DISTRIBUTION, ETC. | |
| Date of publication, distribution, etc. | 2001 |
| 490 ## - SERIES STATEMENT | |
| Series statement | Herald |
| Volume/sequential designation | 23 February 2001, 4(2) |
| 520 ## - SUMMARY, ETC. | |
| Summary, etc. | The draft bill on land reform published by the Scottish Executive, although welcomed by crofters, is strongly criticised by the National Farmers Union of Scotland, the Ramblers Association and the Scottish Landowners Federation. Under the proposals there will be a right of responsible access to the countryside but this will not extend to buildings and their surroundings, inland waterways, woodlands or forests, nor to anything except the margins of fields where crops are being grown. Non-crofting communities will have the right of first refusal when land is put up for sale, provided that interest in buying the land has been registered through a community body supported by more than 10% of the community, but will not be able to force the landowner to sell. Crofters' right to buy will, however, be extended to include common grazings and fishing, mineral and sporting rights as long as this move is supported by 50% of the community. |
| 590 ## - LOCAL NOTE (RLIN) | |
| Local note | WB |
| 650 ## - SUBJECT ADDED ENTRY--TOPICAL TERM | |
| Topical term or geographic name entry element | ACCESS TO COUNTRYSIDE |
| 650 ## - SUBJECT ADDED ENTRY--TOPICAL TERM | |
| Topical term or geographic name entry element | CROFTING |
| 650 ## - SUBJECT ADDED ENTRY--TOPICAL TERM | |
| Topical term or geographic name entry element | LAND REFORM |
| 650 ## - SUBJECT ADDED ENTRY--TOPICAL TERM | |
| Topical term or geographic name entry element | RIGHT TO BUY |
| 650 ## - SUBJECT ADDED ENTRY--TOPICAL TERM | |
| Topical term or geographic name entry element | RIGHT TO ROAM |
| 650 ## - SUBJECT ADDED ENTRY--TOPICAL TERM | |
| Topical term or geographic name entry element | SCOTLAND |
| 650 ## - SUBJECT ADDED ENTRY--TOPICAL TERM | |
| Topical term or geographic name entry element | SCOTTISH LAND REFORM BILL |
| 690 ## - LOCAL SUBJECT ADDED ENTRY--TOPICAL TERM (OCLC, RLIN) | |
| Topical term or geographic name as entry element | Rural |
| 9 (RLIN) | 6268 |
| 942 ## - ADDED ENTRY ELEMENTS (KOHA) | |
| Suppress in OPAC | 0 |
| Withdrawn status | Lost status | Source of classification or shelving scheme | Damaged status | Not for loan | Home library | Current library | Shelving location | Date acquired | Total Checkouts | Full call number | Barcode | Date last seen | Copy number | Price effective from | Koha item type |
|---|---|---|---|---|---|---|---|---|---|---|---|---|---|---|---|
| Dewey Decimal Classification | London | London | News article | 28/02/2001 | WB3709-26 | 111188-1001 | 06/08/2019 | 1 | 06/08/2019 | News article |